000
00270nam a22001337a 4500
008
180111b xxu||||| |||| 00| 0 eng d
020
_a
9781938245114
041
_a
eng
080
_a
610
100
_a
4
101
_a
SHM
245
_a
MKSAP 16
_c
ACP
942
_2
udc
_c
BK
999
_c
40141
_d
40141